| 000 | 01007nam a22002057a 4500 | ||
|---|---|---|---|
| 999 |
_c57649 _d57649 |
||
| 003 | Ge_BSU | ||
| 005 | 20200825132307.0 | ||
| 008 | 200825s2019 ge ||||| |||| 00| 0 geo d | ||
| 020 | _a9789941963803 | ||
| 041 | _ageo | ||
| 080 | _a342.4(479.22) ს-32 | ||
| 245 |
_aსაქართველოს კონსტიტუცია=Constitution of Georgia. ელ.ვერსია : _bილუსტრირებული / _cსოფიო დემეტრაშვილი, თამარ ბარამია რედ. |
||
| 264 |
_aთბილისი : _bიურისტის სამყარო, _c2019. |
||
| 300 |
_a123 გვ. _b20 სმ. |
||
| 500 | _aტექსტები ინგლ. ენაზე | ||
| 653 | _aსამართალი | ||
| 653 | _aსაქართველოს კონსტიტუცია | ||
| 856 |
_uhttps://drive.google.com/file/d/1pQyqp9HrcWO1jiN7AV9xVIzUf_-7UFNj/view _ypdf, ელ ვერსია |
||
| 942 |
_2udc _cBK |
||